| 000 | 01047nam a22002657a 4500 | ||
|---|---|---|---|
| 005 | 20210325204741.0 | ||
| 008 | s2010 eng d | ||
| 020 | _a9789814311427 | ||
| 041 | _aeng | ||
| 050 | _aTC513.M45 C67 2010 | ||
| 100 | 0 | _aKakonen, Mira, ed. | |
| 245 | 1 | 0 | _aContested waterscapes in the Mekong Region : hydropower, livelihoods and governance |
| 260 | 3 |
_aSingapore : _bInstitute of Southeast Asian Studies, _c2010 |
|
| 300 |
_a426 p. : _b graph, tables, maps ; _c 23 cm. |
||
| 650 | 0 | 4 | _aWatershed management -- Mekong River Watershed |
| 650 | 0 | 4 | _aWater rights -- Mekong River Watershed |
| 650 | 0 | 4 | _aHydroelectric power plants -- Political aspects -- Mekong River Watershed |
| 650 | 0 | 4 | _aWater -- supply -- Mekong River Watershed |
| 650 | 0 | 4 | _aWater resources development -- Mekong River Watershed |
| 850 | _aNALT | ||
| 942 | _cGB | ||
| 997 | _a9025 | ||
| 997 | _c000000000061714 | ||
| 998 | _aนางสุกัญญา กัลยา | ||
| 999 |
_c61714 _d61714 |
||